Producción de serradella para el secano interior de la Araucanía

Guardado en:
Detalles Bibliográficos
Autor principal: Catrileo Sánchez, Adrián (Autor)
Formato: Libro
Lenguaje:español
Publicado: Santiago Instituto de Investigaciones Agropecuarias 2006
Santiago Fundación para la Innovación Agraria 2006
Materias:
Etiquetas: Agregar Etiqueta
Sin Etiquetas, Sea el primero en etiquetar este registro!

MARC

LEADER 00000nam a2200000 a 4500
001 UCH0872
003 CL-VaPUC
008 090402e20060000CL |||||||||||||||||spa|d
020 |a 9567016291 
082 0 4 |a 633.3  |b CAT  |2 21 
100 0 |a Catrileo Sánchez, Adrián  |e author  |9 535226 
245 1 0 |a Producción de serradella para el secano interior de la Araucanía 
300 |a 81 p 
942 |c BK 
945 |d 20090402 00:00:00  |a rbrito 
260 |a Santiago  |b Instituto de Investigaciones Agropecuarias  |c 2006 
260 |a Santiago  |b Fundación para la Innovación Agraria  |c 2006 
650 7 |a PLANTAS FORRAJERAS  |2 CL-VaPUC  |9 264229 
650 7 |a FORRAJE  |2 CL-VaPUC  |9 269525 
650 7 |a PRADERA  |2 CL-VaPUC  |9 535227 
650 7 |a PASTO  |2 CL-VaPUC  |9 535228 
650 0 |a Nutrición animal  |9 389503 
650 7 |a PRODUCCION DE SEMILLA  |2 CL-VaPUC  |9 535229 
650 0 |a Pastizales  |9 352003 
650 7 |a MANEJO DE PRADERAS  |2 CL-VaPUC  |9 535230 
583 |a last modification  |c 20130401 07:39:28  |k Rodrigo Vera 
999 |c 333068  |d 333066 
952 |0 0  |1 0  |4 0  |6 633_300000000000000_CAT_2006_2006  |7 0  |8 A  |9 421211  |a BIBAGR  |b BIBAGR  |d 2019-11-22  |i 4530543  |o 633.3 CAT 2006 2006  |p 4530543  |r 2025-01-20  |w 2019-11-22  |y BK  |k AGR